00382nam a22001457a 4500003000700000005001700007008004100024082001800065100004500083245004400128250001700172260003400189300000800223650000500231MPLRDC20220104124257.0210129b ||||| |||| 00| 0 eng d a870.99 SAN-3  a安德列. 莫洛阿著; 郎维忠等译 a风月情浓女作家: 乔治. 桑传c a一版一刷 ab湖南人民出版社c1986 b平 a